| 000 | 01543nac a22003251u 4500 | ||
|---|---|---|---|
| 999 |
_c6280 _d6280 |
||
| 003 | EG-ScBUE | ||
| 005 | 20201124141958.0 | ||
| 008 | 080904s1983 sy a f d 000 0arara d | ||
| 040 |
_aEG-ScBUE _bara _erda _cEG-ScBUE _dEG-ScBUE |
||
| 082 | 0 | 4 |
_a411.5 _bس ي ن _222 |
| 100 | 1 |
_aابن سينا، الحسين بن عبد الله، _d370-428 هـ.، _eمؤلف. _914925 |
|
| 245 | 1 | 0 |
_aرسالة أسباب حدوث الحروف / _cللشيخ الرئيس أبي علي الحسين بن عبد الله بن سينا ؛ تحقيق محمد حسان الطيان، يحيى مير علم ؛ تقديم ومراجعة الدكتور شاكر الفحام، الأستاذ أحمد راتب النفاخ. |
| 250 | _aالطبعة الأولى. | ||
| 264 | 1 |
_aدمشق : _bدار الفكر، _c1983. |
|
| 300 |
_a168 صفحة : _bإيضاحيات ؛ _c24 سم. |
||
| 336 |
_2rdacontent _aنص _btxt |
||
| 337 |
_2rdamedia _aبدون وسيط _bn |
||
| 338 |
_2rdacarrier _aمجلد _bnc |
||
| 490 | 0 | _aمطبوعات مجمع اللغة العربية بدمشق | |
| 500 | _aيشتمل على معجم مصطلحات. | ||
| 541 | _aالف باء | ||
| 590 | _aريهام | ||
| 653 |
_bGGEN _cDecember2019 |
||
| 655 |
_vReading book _934232 |
||
| 700 | 1 |
_922239 _aطيان ، محمد حسان، _eمحقق. |
|
| 700 | 1 |
_aعلم ، يحيى مير، _eمحقق. _922240 |
|
| 700 | 1 |
_aفحام ، شاكر، _eمراجع. _922241 |
|
| 700 | 1 |
_922242 _aنفاخ ، أحمد راتب، _eمراجع. |
|
| 942 |
_cBB _k411.5 س ي ن _2ddc |
||